[Event "escc2023_50"]
[Site "?"]
[Date "2023.06.03"]
[Round "9.1"]
[White "Novak, Simona"]
[Black "Baglay, Kseniya"]
[Result "0-1"]
[BlackElo "1712"]
[WhiteElo "1622"]
[LiveChessVersion "1.4.8"]

1. e4 {[%clk 1:30:54]} e5 {[%clk 1:30:55]} 2. Nf3 {[%clk 1:31:11]} Nf6
{[%clk 1:31:20]} 3. d4 {[%clk 1:31:30]} Nxe4 {[%clk 1:31:18]} 4. Bd3
{[%clk 1:31:01]} d5 {[%clk 1:30:07]} 5. Nxe5 {[%clk 1:31:13]} Bd6
{[%clk 1:27:43]} 6. O-O {[%clk 1:27:27]} O-O {[%clk 1:27:15]} 7. c4
{[%clk 1:16:53]} c6 {[%clk 1:07:00]} 8. f4 {[%clk 1:09:57]} f6 {[%clk 1:05:57]}
9. Nf3 {[%clk 1:09:26]} f5 {[%clk 0:58:50]} 10. Nc3 {[%clk 1:08:01]} Be6
{[%clk 0:53:48]} 11. Qb3 {[%clk 0:48:31]} Qb6 {[%clk 0:48:33]} 12. Qc2
{[%clk 0:41:11]} Qc7 {[%clk 0:45:05]} 13. Ne5 {[%clk 0:40:48]} Nxc3
{[%clk 0:42:47]} 14. bxc3 {[%clk 0:40:25]} Nd7 {[%clk 0:39:58]} 15. cxd5
{[%clk 0:37:35]} cxd5 {[%clk 0:40:13]} 16. Rf3 {[%clk 0:30:06]} Rac8
{[%clk 0:39:13]} 17. Bd2 {[%clk 0:30:28]} g6 {[%clk 0:36:17]} 18. Qd1
{[%clk 0:30:28]} Nf6 {[%clk 0:35:47]} 19. Rg3 {[%clk 0:30:26]} Bxe5
{[%clk 0:35:42]} 20. dxe5 {[%clk 0:30:52]} Ne4 {[%clk 0:36:03]} 21. Bxe4
{[%clk 0:29:51]} dxe4 {[%clk 0:35:58]} 22. Kh1 {[%clk 0:30:14]} Rfd8
{[%clk 0:33:45]} 23. Qe1 {[%clk 0:28:00]} Rd7 {[%clk 0:28:10]} 24. h3
{[%clk 0:24:43]} Rcd8 {[%clk 0:27:32]} 25. Be3 {[%clk 0:24:52]} b6
{[%clk 0:23:02]} 26. Kh2 {[%clk 0:24:10]} Rd3 {[%clk 0:23:09]} 27. Bd4
{[%clk 0:24:34]} Bc4 {[%clk 0:20:30]} 28. Qf2 {[%clk 0:21:47]} Rd7
{[%clk 0:19:20]} 29. a3 {[%clk 0:21:59]} b5 {[%clk 0:19:04]} 30. Rg5
{[%clk 0:20:01]} Kf7 {[%clk 0:16:35]} 31. h4 {[%clk 0:19:06]} h6 {[%clk 0:15:49]}
32. Rg3 {[%clk 0:14:25]} Qd8 {[%clk 0:14:03]} 33. Rh3 {[%clk 0:08:38]} a6
{[%clk 0:10:25]} 34. Rb1 {[%clk 0:07:03]} Ke6 {[%clk 0:09:32]} 35. Rb2
{[%clk 0:06:32]} Rg7 36. a4 g5 {[%clk 0:08:13]} 37. hxg5 {[%clk 0:03:55]} Rxh3+
{[%clk 0:08:29]} 38. gxh3 {[%clk 0:04:19]} hxg5 {[%clk 0:08:39]} 39. axb5
{[%clk 0:04:20]} axb5 {[%clk 0:08:19]} 40. Rb1 {[%clk 0:04:22]} g4
{[%clk 0:07:29]} 41. Qg3 {[%clk 0:01:16]} Rh7 {[%clk 0:07:43]} 42. Kg1
{[%clk 0:29:19]} Rxh3 {[%clk 0:38:01]} 43. Qg2 {[%clk 0:29:24]} Qh4
{[%clk 0:20:29]} 44. Bf2 {[%clk 0:26:56]} g3 {[%clk 0:20:50]} 45. Be1
{[%clk 0:27:25]} Bf1 {[%clk 0:20:57]} 46. Kxf1 {[%clk 0:27:02]} Rh1+
{[%clk 0:21:21]} 47. Ke2 {[%clk 0:24:32]} Rh2 {[%clk 0:21:45]} 48. Ke3
{[%clk 0:22:03]} Rxg2 {[%clk 0:21:30]} 49. c4 {[%clk 0:22:00]} Qd8
{[%clk 0:20:11]} 0-1

[Event "escc2023_50"]
[Site "?"]
[Date "2023.06.03"]
[Round "9.3"]
[White "Baliuniene, Margarita"]
[Black "Ni, Polina"]
[Result "0-1"]
[BlackElo "1892"]
[WhiteElo "1920"]
[LiveChessVersion "1.4.8"]

1. d4 {[%clk 1:30:57]} f5 {[%clk 1:30:58]} 2. g3 {[%clk 1:31:15]} Nf6
{[%clk 1:31:21]} 3. Bg2 {[%clk 1:31:39]} e6 {[%clk 1:30:52]} 4. c4
{[%clk 1:31:49]} Be7 {[%clk 1:29:51]} 5. Nc3 {[%clk 1:32:06]} d5 {[%clk 1:28:24]}
6. Nf3 {[%clk 1:31:10]} O-O {[%clk 1:27:55]} 7. O-O {[%clk 1:31:24]} c6
{[%clk 1:23:30]} 8. b3 {[%clk 1:31:17]} Ne4 {[%clk 1:17:24]} 9. Nxe4
{[%clk 1:30:59]} fxe4 {[%clk 1:17:30]} 10. Ne5 {[%clk 1:31:22]} Nd7
{[%clk 1:14:42]} 11. Bb2 {[%clk 1:23:40]} Qe8 {[%clk 1:08:25]} 12. f3
{[%clk 1:21:42]} Nxe5 {[%clk 1:02:05]} 13. dxe5 {[%clk 1:22:02]} exf3
{[%clk 0:59:11]} 14. exf3 {[%clk 1:22:12]} b6 {[%clk 0:55:13]} 15. f4
{[%clk 1:19:36]} Ba6 {[%clk 0:54:08]} 16. Rc1 {[%clk 1:19:10]} Rd8
{[%clk 0:52:06]} 17. Qg4 {[%clk 1:18:00]} Bc5+ {[%clk 0:51:25]} 18. Kh1
{[%clk 1:17:20]} h5 {[%clk 0:48:13]} 19. Qe2 {[%clk 1:17:00]} Qg6
{[%clk 0:44:02]} 20. Bh3 {[%clk 1:10:04]} dxc4 {[%clk 0:31:47]} 21. bxc4
{[%clk 1:04:30]} b5 {[%clk 0:24:30]} 22. Bg2 {[%clk 1:02:17]} bxc4
{[%clk 0:21:48]} 23. Bc3 {[%clk 1:00:33]} Rd3 {[%clk 0:13:59]} 24. Be4
{[%clk 0:57:14]} Qg4 {[%clk 0:12:50]} 25. Qxg4 {[%clk 0:53:45]} hxg4
{[%clk 0:13:13]} 26. Bxd3 {[%clk 0:48:35]} cxd3 {[%clk 0:13:39]} 27. Bd2
{[%clk 0:48:25]} Bd4 {[%clk 0:12:46]} 28. Rb1 {[%clk 0:43:21]} Bc4
{[%clk 0:12:14]} 29. h3 {[%clk 0:43:22]} Bxa2 30. Rb7 {[%clk 0:42:36]} c5
{[%clk 0:09:23]} 31. Rxa7 {[%clk 0:42:28]} Bd5+ {[%clk 0:09:49]} 32. Kh2
{[%clk 0:42:53]} Rb8 {[%clk 0:08:46]} 33. hxg4 {[%clk 0:38:15]} Rb2
{[%clk 0:08:24]} 34. Kh3 {[%clk 0:35:38]} Rxd2 {[%clk 0:08:31]} 35. Rb1
{[%clk 0:36:04]} Rb2 {[%clk 0:07:21]} 36. Rba1 {[%clk 0:34:49]} d2
{[%clk 0:03:27]} 37. g5 {[%clk 0:33:39]} Be4 {[%clk 0:01:09]} 38. Rc7
{[%clk 0:30:14]} Bf5+ {[%clk 0:00:44]} 39. g4 {[%clk 0:30:07]} Rb3+
{[%clk 0:00:49]} 40. Kh2 {[%clk 0:30:25]} Bxa1 {[%clk 0:00:44]} 41. gxf5
{[%clk 0:30:43]} Rb8 {[%clk 0:00:35]} 42. Rd7 {[%clk 0:31:01]} Bd4
{[%clk 0:27:23]} 43. fxe6 {[%clk 0:58:18]} d1=Q {[%clk 0:26:13]} 44. Kg3
{[%clk 0:57:44]} Rb3+ {[%clk 0:24:35]} 45. Kh4 {[%clk 0:57:49]} Bf2#
{[%clk 0:24:27]} 0-1

[Event "escc2023_50"]
[Site "?"]
[Date "2023.06.03"]
[Round "9.5"]
[White "Sturua, Zurab"]
[Black "Lacasa Diaz, Jose Antonio"]
[Result "1/2-1/2"]
[BlackElo "2359"]
[WhiteElo "2518"]
[LiveChessVersion "1.4.8"]

1. d4 {[%clk 1:30:48]} d5 {[%clk 1:30:50]} 2. c4 {[%clk 1:31:04]} e6
{[%clk 1:31:10]} 3. Nf3 {[%clk 1:30:56]} Nf6 {[%clk 1:30:55]} 4. Nc3
{[%clk 1:30:28]} c5 {[%clk 1:30:55]} 5. cxd5 {[%clk 1:30:24]} exd5
{[%clk 1:31:18]} 6. Bg5 {[%clk 1:29:35]} Be6 {[%clk 1:31:11]} 7. e3
{[%clk 1:29:26]} c4 {[%clk 1:29:30]} 8. Be2 {[%clk 1:16:08]} Bb4 {[%clk 1:28:01]}
9. O-O {[%clk 1:15:45]} Nbd7 {[%clk 1:26:11]} 10. Ne5 {[%clk 1:10:19]} O-O
{[%clk 1:23:29]} 11. e4 {[%clk 0:46:18]} dxe4 {[%clk 0:48:19]} 12. Nxd7
{[%clk 0:34:33]} Qxd7 {[%clk 0:47:50]} 13. Bxf6 {[%clk 0:34:31]} Bxc3
{[%clk 0:42:00]} 14. bxc3 {[%clk 0:33:18]} gxf6 {[%clk 0:41:52]} 15. Qd2
{[%clk 0:33:27]} Rfe8 {[%clk 0:22:41]} 16. f3 {[%clk 0:30:33]} e3
{[%clk 0:21:46]} 17. Qxe3 {[%clk 0:30:54]} Bd5 {[%clk 0:19:56]} 18. Qd2
{[%clk 0:30:46]} Qe6 {[%clk 0:19:58]} 19. Kf2 {[%clk 0:30:19]} Re7
{[%clk 0:18:31]} 20. Rae1 {[%clk 0:29:40]} Rae8 {[%clk 0:16:19]} 21. Bd3
{[%clk 0:17:10]} Qd6 {[%clk 0:14:25]} 22. Bf5 {[%clk 0:16:50]} Qxh2
{[%clk 0:13:03]} 23. Rh1 {[%clk 0:15:44]} Re2+ {[%clk 0:13:28]} 24. Rxe2
{[%clk 0:15:07]} Rxe2+ {[%clk 0:13:49]} 25. Qxe2 {[%clk 0:15:30]} Qxh1
{[%clk 0:14:12]} 26. Qe8+ {[%clk 0:09:59]} Kg7 {[%clk 0:14:38]} 27. Qb5
{[%clk 0:10:16]} Qc1 {[%clk 0:10:27]} 28. Qxd5 {[%clk 0:09:33]} Qd2+
{[%clk 0:10:17]} 29. Kg3 {[%clk 0:07:38]} Qg5+ {[%clk 0:06:05]} 30. Kf2
{[%clk 0:07:58]} Qd2+ {[%clk 0:06:20]} 31. Kg1 {[%clk 0:08:13]} Qc1+
{[%clk 0:06:42]} 32. Kh2 {[%clk 0:08:22]} Qf4+ {[%clk 0:07:04]} 1/2-1/2

[Event "escc2023_50"]
[Site "?"]
[Date "2023.06.03"]
[Round "9.6"]
[White "Bellia, Fabrizio"]
[Black "Wacker, Peter"]
[Result "1/2-1/2"]
[BlackElo "2265"]
[WhiteElo "2393"]
[LiveChessVersion "1.4.8"]

1. e4 {[%clk 1:30:55]} e5 {[%clk 1:30:56]} 2. Nf3 {[%clk 1:31:21]} Nf6
{[%clk 1:31:21]} 3. Nxe5 {[%clk 1:31:24]} d6 {[%clk 1:31:45]} 4. Nf3
{[%clk 1:31:50]} Nxe4 {[%clk 1:32:10]} 5. d4 {[%clk 1:32:09]} d5 {[%clk 1:32:29]}
6. Bd3 {[%clk 1:32:33]} Bd6 {[%clk 1:32:50]} 7. O-O {[%clk 1:32:54]} O-O
{[%clk 1:33:13]} 8. c4 {[%clk 1:33:17]} c6 {[%clk 1:33:37]} 9. Re1
{[%clk 1:33:28]} Re8 {[%clk 1:33:58]} 10. Qb3 {[%clk 1:28:14]} Bg4
{[%clk 1:30:06]} 11. Nbd2 {[%clk 1:22:57]} Nxd2 {[%clk 0:57:25]} 12. Rxe8+
{[%clk 1:23:02]} Qxe8 {[%clk 0:57:51]} 13. Nxd2 {[%clk 1:13:09]} dxc4
{[%clk 0:52:46]} 14. Bxc4 {[%clk 1:06:56]} b5 {[%clk 0:45:37]} 15. Bd3
{[%clk 1:05:38]} Qe1+ {[%clk 0:39:32]} 16. Nf1 {[%clk 1:05:11]} Na6
{[%clk 0:34:25]} 17. a3 {[%clk 0:58:48]} Be2 {[%clk 0:29:27]} 18. Bxe2
{[%clk 0:52:54]} Qxe2 {[%clk 0:29:42]} 19. Bd2 {[%clk 0:46:18]} Qe4
{[%clk 0:22:23]} 20. Rc1 {[%clk 0:45:30]} Rd8 {[%clk 0:20:05]} 21. Be3
{[%clk 0:36:55]} Qd5 {[%clk 0:17:35]} 22. Qc3 {[%clk 0:34:17]} Nb8
{[%clk 0:17:51]} 23. Nd2 {[%clk 0:31:53]} h6 {[%clk 0:16:39]} 24. Nb3
{[%clk 0:29:59]} Bc7 {[%clk 0:16:06]} 25. Na5 {[%clk 0:28:18]} Bb6
{[%clk 0:16:17]} 26. Nb3 {[%clk 0:26:06]} Rc8 {[%clk 0:16:19]} 27. g3
{[%clk 0:24:51]} Kh8 {[%clk 0:14:38]} 28. Na5 {[%clk 0:18:06]} Kg8
{[%clk 0:14:49]} 29. h4 {[%clk 0:16:54]} Kh8 {[%clk 0:14:55]} 30. Nb3
{[%clk 0:12:31]} Kg8 {[%clk 0:15:21]} 31. Na5 {[%clk 0:08:34]} 1/2-1/2

[Event "escc2023_50"]
[Site "?"]
[Date "2023.06.03"]
[Round "9.7"]
[White "Dishman, Stephen"]
[Black "Van Der Werf, Mark"]
[Result "0-1"]
[BlackElo "2396"]
[WhiteElo "2259"]
[LiveChessVersion "1.4.8"]

1. d4 {[%clk 1:30:53]} Nf6 {[%clk 1:30:54]} 2. Nf3 {[%clk 1:31:15]} e6
{[%clk 1:31:17]} 3. Bf4 {[%clk 1:31:28]} d5 {[%clk 1:31:40]} 4. Nbd2
{[%clk 1:31:43]} Bd6 {[%clk 1:31:48]} 5. Bg5 {[%clk 1:31:54]} h6 {[%clk 1:21:50]}
6. Bxf6 {[%clk 1:32:02]} Qxf6 {[%clk 1:22:16]} 7. e4 {[%clk 1:32:24]} Qd8
{[%clk 1:22:32]} 8. e5 {[%clk 1:31:54]} Be7 {[%clk 1:22:54]} 9. Bd3
{[%clk 1:31:58]} c5 {[%clk 1:18:26]} 10. dxc5 {[%clk 1:30:20]} Bxc5
{[%clk 1:18:08]} 11. O-O {[%clk 1:30:10]} Nc6 {[%clk 1:17:35]} 12. c3
{[%clk 1:28:39]} Bb6 {[%clk 1:16:58]} 13. Qe2 {[%clk 1:26:44]} f5
{[%clk 1:13:52]} 14. exf6 {[%clk 1:22:38]} Qxf6 {[%clk 1:14:15]} 15. Rae1
{[%clk 1:08:40]} Bd7 {[%clk 1:01:02]} 16. Nb3 {[%clk 1:03:14]} O-O
{[%clk 0:55:52]} 17. Nbd4 {[%clk 0:44:56]} Bxd4 {[%clk 0:52:12]} 18. cxd4
{[%clk 0:44:23]} Nxd4 {[%clk 0:52:05]} 19. Nxd4 {[%clk 0:44:41]} Qxd4
{[%clk 0:52:28]} 20. Rd1 {[%clk 0:33:06]} Qf4 {[%clk 0:43:38]} 21. g3
{[%clk 0:31:17]} Qf3 {[%clk 0:41:56]} 22. Qe5 {[%clk 0:30:53]} Rae8
{[%clk 0:39:35]} 23. Bg6 {[%clk 0:22:34]} Rd8 {[%clk 0:38:42]} 24. Bb1
{[%clk 0:19:24]} Kh8 {[%clk 0:27:52]} 25. Rd2 {[%clk 0:19:20]} Bc6
{[%clk 0:15:22]} 26. Re1 {[%clk 0:18:52]} Qf6 {[%clk 0:15:05]} 27. Qh5
{[%clk 0:15:44]} Rfe8 {[%clk 0:11:02]} 28. Re5 {[%clk 0:11:30]} d4
{[%clk 0:09:26]} 29. Be4 {[%clk 0:07:56]} Bxe4 {[%clk 0:09:10]} 30. Rxe4
{[%clk 0:08:23]} e5 {[%clk 0:07:19]} 31. f4 {[%clk 0:06:59]} Qc6 {[%clk 0:05:24]}
32. Rxe5 {[%clk 0:05:44]} Rxe5 {[%clk 0:05:50]} 33. fxe5 {[%clk 0:05:55]} d3
{[%clk 0:06:05]} 34. Qd1 {[%clk 0:04:39]} Qc5+ {[%clk 0:05:44]} 35. Kf1
{[%clk 0:02:55]} Qxe5 {[%clk 0:05:21]} 36. Rxd3 {[%clk 0:02:46]} Qb5
{[%clk 0:05:41]} 37. Ke2 {[%clk 0:02:39]} Qxb2+ {[%clk 0:06:04]} 38. Kf3
{[%clk 0:02:18]} Rf8+ {[%clk 0:04:50]} 39. Kg4 {[%clk 0:01:44]} Qxa2
{[%clk 0:05:06]} 40. Rd7 {[%clk 0:01:23]} Qe6+ {[%clk 0:04:33]} 41. Kh4
{[%clk 0:01:16]} Rc8 {[%clk 0:00:39]} 42. g4 {[%clk 0:25:04]} Qf6+
{[%clk 0:29:37]} 43. Kh3 {[%clk 0:25:04]} a5 {[%clk 0:26:33]} 44. Rd6
{[%clk 0:22:25]} Qc3+ {[%clk 0:22:17]} 45. Kh4 {[%clk 0:22:23]} Kh7
{[%clk 0:20:53]} 46. Rd7 {[%clk 0:18:59]} Qf6+ {[%clk 0:20:47]} 47. Kh3
{[%clk 0:18:48]} Rc3+ {[%clk 0:21:06]} 48. Kg2 {[%clk 0:19:11]} Qc6+
{[%clk 0:21:13]} 49. Kf2 {[%clk 0:19:22]} Qc5+ {[%clk 0:20:12]} 50. Kg2
{[%clk 0:18:43]} Rc2+ {[%clk 0:18:00]} 51. Kf3 {[%clk 0:18:56]} Qa3+
{[%clk 0:17:14]} 52. Ke4 {[%clk 0:18:02]} Rc4+ {[%clk 0:16:36]} 53. Kd5
{[%clk 0:17:30]} Qc5+ {[%clk 0:16:50]} 54. Ke6 {[%clk 0:17:56]} Qe3+
{[%clk 0:16:56]} 55. Kd5 {[%clk 0:17:28]} Rc5+ {[%clk 0:17:15]} 0-1

[Event "escc2023_50"]
[Site "?"]
[Date "2023.06.03"]
[Round "9.8"]
[White "Atalik, Suat"]
[Black "Vinter-Schou, Uffe"]
[Result "1/2-1/2"]
[BlackElo "2351"]
[WhiteElo "2441"]
[LiveChessVersion "1.4.8"]

1. d4 {[%clk 1:30:54]} Nf6 {[%clk 1:30:50]} 2. c4 {[%clk 1:30:56]} e6
{[%clk 1:31:06]} 3. Nc3 {[%clk 1:31:01]} Bb4 {[%clk 1:31:18]} 4. f3
{[%clk 1:30:41]} d5 {[%clk 1:24:20]} 5. a3 {[%clk 1:30:48]} Be7 {[%clk 1:24:09]}
6. e4 {[%clk 1:30:42]} dxe4 {[%clk 1:23:55]} 7. fxe4 {[%clk 1:30:25]} c5
{[%clk 1:23:36]} 8. d5 {[%clk 1:30:47]} exd5 {[%clk 1:23:54]} 9. exd5
{[%clk 1:31:11]} O-O {[%clk 1:24:07]} 10. Be2 {[%clk 1:31:21]} a6
{[%clk 1:19:47]} 11. Nf3 {[%clk 1:29:40]} Bg4 {[%clk 1:16:47]} 12. O-O
{[%clk 1:29:43]} Bd6 {[%clk 1:15:19]} 13. Bg5 {[%clk 1:03:52]} Bxf3
{[%clk 1:02:18]} 14. Bxf3 {[%clk 0:54:10]} Nbd7 {[%clk 1:02:37]} 15. Ne4
{[%clk 0:48:28]} Be5 {[%clk 1:02:56]} 16. Ra2 {[%clk 0:47:49]} Qb6
{[%clk 0:49:43]} 17. b3 {[%clk 0:47:26]} Rae8 {[%clk 0:49:59]} 18. Re2
{[%clk 0:47:11]} Nxe4 {[%clk 0:45:11]} 19. Bxe4 {[%clk 0:46:38]} Qd6
{[%clk 0:45:16]} 20. g3 {[%clk 0:43:09]} h6 {[%clk 0:23:22]} 21. Bc1
{[%clk 0:37:16]} Bxg3 {[%clk 0:21:48]} 22. hxg3 {[%clk 0:35:21]} Rxe4
{[%clk 0:22:11]} 23. Bf4 {[%clk 0:34:44]} Qg6 {[%clk 0:22:33]} 24. Rxe4
{[%clk 0:35:04]} Qxe4 {[%clk 0:22:58]} 25. Re1 {[%clk 0:35:12]} Qf5
{[%clk 0:23:20]} 26. Bd6 {[%clk 0:34:13]} Rc8 {[%clk 0:20:14]} 27. Re7
{[%clk 0:30:42]} Nf6 {[%clk 0:17:16]} 28. Qf1 {[%clk 0:29:55]} Qg6
{[%clk 0:13:59]} 29. Qf3 {[%clk 0:22:44]} b5 {[%clk 0:12:16]} 30. Bc7
{[%clk 0:11:15]} bxc4 {[%clk 0:07:32]} 31. bxc4 {[%clk 0:11:40]} Qb1+
{[%clk 0:03:33]} 32. Kg2 {[%clk 0:12:03]} Qc2+ {[%clk 0:03:59]} 33. Kh3
{[%clk 0:12:00]} Qxc4 {[%clk 0:04:25]} 34. d6 {[%clk 0:11:48]} h5
{[%clk 0:04:29]} 35. Qf5 {[%clk 0:05:37]} Qg4+ {[%clk 0:04:07]} 36. Qxg4
{[%clk 0:06:03]} hxg4+ {[%clk 0:04:36]} 37. Kh4 {[%clk 0:06:25]} Kf8
{[%clk 0:04:42]} 38. Ba5 {[%clk 0:04:26]} Re8 {[%clk 0:00:49]} 39. Ra7
{[%clk 0:02:31]} g5+ {[%clk 0:00:36]} 40. Kxg5 {[%clk 0:02:56]} Ne4+
{[%clk 0:00:40]} 41. Kxg4 {[%clk 0:02:39]} Nxd6 {[%clk 0:00:48]} 42. Rxa6
{[%clk 0:01:15]} Re4+ {[%clk 0:24:43]} 43. Kh3 {[%clk 0:23:19]} Ra4
{[%clk 0:22:10]} 44. Rxd6 {[%clk 0:23:20]} Rxa5 {[%clk 0:22:36]} 45. Rc6
{[%clk 0:23:46]} Ke7 {[%clk 0:22:40]} 46. Kh4 {[%clk 0:24:00]} Ra4+
{[%clk 0:22:49]} 47. g4 {[%clk 0:23:27]} f5 {[%clk 0:22:17]} 48. Rxc5
{[%clk 0:23:46]} Rxg4+ {[%clk 0:22:25]} 49. Kh3 {[%clk 0:24:11]} Kf6
{[%clk 0:22:37]} 50. Rc2 {[%clk 0:21:51]} Ke5 {[%clk 0:21:27]} 51. Ra2
{[%clk 0:20:02]} Rg8 {[%clk 0:08:27]} 52. a4 {[%clk 0:20:20]} f4 {[%clk 0:08:54]}
53. a5 {[%clk 0:19:00]} f3 {[%clk 0:09:19]} 54. a6 {[%clk 0:19:13]} Kf4
{[%clk 0:09:46]} 55. Ra4+ {[%clk 0:19:40]} Ke3 {[%clk 0:10:11]} 56. Ra3+
{[%clk 0:19:47]} Ke2 {[%clk 0:10:34]} 57. Ra2+ {[%clk 0:20:03]} Ke1
{[%clk 0:10:50]} 1/2-1/2

[Event "escc2023_50"]
[Site "?"]
[Date "2023.06.03"]
[Round "9.9"]
[White "Sigfusson, Sigurdur"]
[Black "Arkell, Keith C"]
[Result "0-1"]
[BlackElo "2390"]
[WhiteElo "2279"]
[LiveChessVersion "1.4.8"]

1. e4 {[%clk 1:30:58]} c6 {[%clk 1:30:52]} 2. d4 {[%clk 1:31:19]} d5
{[%clk 1:31:18]} 3. Nc3 {[%clk 1:31:43]} dxe4 {[%clk 1:31:42]} 4. Nxe4
{[%clk 1:32:07]} Nd7 {[%clk 1:32:09]} 5. Ng5 {[%clk 1:31:59]} Ngf6
{[%clk 1:32:34]} 6. Bd3 {[%clk 1:32:21]} Nb6 {[%clk 1:32:57]} 7. N1f3
{[%clk 1:32:22]} h6 {[%clk 1:31:55]} 8. Ne4 {[%clk 1:25:27]} Nxe4
{[%clk 1:32:19]} 9. Bxe4 {[%clk 1:25:53]} Bg4 {[%clk 1:32:41]} 10. O-O
{[%clk 1:16:34]} g6 {[%clk 1:31:16]} 11. h3 {[%clk 1:14:54]} Bxf3
{[%clk 1:31:40]} 12. Bxf3 {[%clk 1:12:50]} Bg7 {[%clk 1:32:04]} 13. c3
{[%clk 1:12:47]} O-O {[%clk 1:32:23]} 14. Re1 {[%clk 1:10:52]} e6
{[%clk 1:32:47]} 15. a4 {[%clk 1:10:01]} Nd5 {[%clk 1:30:17]} 16. a5
{[%clk 0:48:37]} b5 {[%clk 1:27:59]} 17. axb6 {[%clk 0:48:02]} axb6
{[%clk 1:28:23]} 18. Rxa8 {[%clk 0:48:25]} Qxa8 {[%clk 1:28:48]} 19. Be4
{[%clk 0:37:34]} b5 {[%clk 1:27:50]} 20. Bc2 {[%clk 0:37:14]} Rd8
{[%clk 1:25:18]} 21. Qf3 {[%clk 0:36:56]} b4 {[%clk 1:23:51]} 22. c4
{[%clk 0:29:08]} Ne7 {[%clk 1:23:34]} 23. Qb3 {[%clk 0:29:05]} Qa7
{[%clk 1:14:47]} 24. Be3 {[%clk 0:27:51]} Bxd4 {[%clk 1:12:35]} 25. Qxb4
{[%clk 0:25:43]} Bxe3 {[%clk 1:12:27]} 26. Rxe3 {[%clk 0:21:07]} Rb8
{[%clk 1:06:37]} 27. Qe1 {[%clk 0:20:52]} Qd4 {[%clk 0:51:47]} 28. b3
{[%clk 0:12:04]} Ra8 {[%clk 0:51:21]} 29. Rd3 {[%clk 0:12:16]} Qb2
{[%clk 0:50:07]} 30. Qd2 {[%clk 0:10:45]} Kg7 {[%clk 0:44:22]} 31. Rd7
{[%clk 0:08:50]} Qf6 {[%clk 0:35:15]} 32. Qe3 {[%clk 0:04:30]} Ra1+
{[%clk 0:35:07]} 33. Kh2 {[%clk 0:04:54]} Ra2 {[%clk 0:33:33]} 34. Be4
{[%clk 0:03:38]} g5 {[%clk 0:24:39]} 35. Qg3 {[%clk 0:03:27]} Re2
{[%clk 0:15:51]} 36. Bb1 {[%clk 0:02:12]} Ng8 {[%clk 0:05:45]} 37. f3
{[%clk 0:01:43]} Qf4 {[%clk 0:03:28]} 38. Qxf4 {[%clk 0:01:12]} gxf4
{[%clk 0:03:57]} 39. Be4 {[%clk 0:01:13]} Nf6 {[%clk 0:04:19]} 40. Rc7
{[%clk 0:01:18]} Nxe4 {[%clk 0:02:41]} 41. fxe4 {[%clk 0:01:43]} f3
{[%clk 0:03:03]} 42. Kg1 {[%clk 0:29:51]} Rxg2+ {[%clk 0:33:08]} 43. Kf1
{[%clk 0:27:34]} Kf6 {[%clk 0:32:37]} 44. b4 {[%clk 0:25:54]} Rb2
{[%clk 0:32:45]} 45. Rxc6 {[%clk 0:26:07]} Ke5 {[%clk 0:32:50]} 0-1

[Event "escc2023_50"]
[Site "?"]
[Date "2023.06.03"]
[Round "9.10"]
[White "Berend, Fred"]
[Black "Mrva, Martin"]
[Result "0-1"]
[BlackElo "2353"]
[WhiteElo "2257"]
[LiveChessVersion "1.4.8"]

1. d4 {[%clk 1:30:48]} d6 {[%clk 1:30:39]} 2. Nf3 {[%clk 1:30:36]} Nf6
{[%clk 1:30:38]} 3. c4 {[%clk 1:30:58]} g6 {[%clk 1:30:53]} 4. Nc3
{[%clk 1:31:24]} Bg7 {[%clk 1:31:16]} 5. e4 {[%clk 1:31:51]} O-O {[%clk 1:31:32]}
6. Be2 {[%clk 1:32:17]} e5 {[%clk 1:31:38]} 7. O-O {[%clk 1:32:40]} Nc6
{[%clk 1:31:58]} 8. d5 {[%clk 1:33:04]} Ne7 {[%clk 1:32:20]} 9. Nd2
{[%clk 1:32:03]} a5 {[%clk 1:32:09]} 10. b3 {[%clk 1:26:45]} Ne8 {[%clk 1:11:59]}
11. Ba3 {[%clk 1:20:59]} b6 {[%clk 1:10:47]} 12. Bb2 {[%clk 1:13:15]} f5
{[%clk 1:09:01]} 13. a3 {[%clk 1:08:44]} Nf6 {[%clk 0:48:04]} 14. b4
{[%clk 1:07:30]} Kh8 {[%clk 0:48:25]} 15. Qc2 {[%clk 1:02:33]} Bh6
{[%clk 0:42:07]} 16. Rfd1 {[%clk 0:54:34]} c5 {[%clk 0:35:17]} 17. dxc6
{[%clk 0:40:21]} Nxc6 {[%clk 0:35:00]} 18. Nb5 {[%clk 0:40:45]} axb4
{[%clk 0:26:44]} 19. Bf3 {[%clk 0:35:03]} Qe7 {[%clk 0:21:53]} 20. exf5
{[%clk 0:25:22]} Bxf5 {[%clk 0:19:18]} 21. Ne4 {[%clk 0:22:58]} bxa3
{[%clk 0:15:01]} 22. Bxa3 {[%clk 0:22:38]} Nd4 {[%clk 0:15:23]} 23. Nxd4
{[%clk 0:16:24]} exd4 {[%clk 0:15:34]} 24. Re1 {[%clk 0:16:06]} Rxa3
{[%clk 0:15:48]} 25. Rxa3 {[%clk 0:13:33]} d5 {[%clk 0:15:44]} 26. Qa2
{[%clk 0:10:41]} dxe4 {[%clk 0:14:50]} 27. Ra7 {[%clk 0:10:22]} Qc5
{[%clk 0:14:52]} 28. Bd1 {[%clk 0:09:14]} e3 {[%clk 0:14:36]} 29. Kh1
{[%clk 0:08:07]} Qb4 {[%clk 0:12:09]} 30. Rf1 {[%clk 0:06:25]} Ne4
{[%clk 0:09:28]} 31. fxe3 {[%clk 0:06:22]} Bxe3 {[%clk 0:09:49]} 32. c5
{[%clk 0:02:58]} Nf2+ {[%clk 0:09:48]} 33. Kg1 {[%clk 0:02:07]} Nxd1+
{[%clk 0:10:09]} 34. Kh1 {[%clk 0:02:34]} Nf2+ {[%clk 0:10:22]} 35. Kg1
{[%clk 0:02:58]} Be6 {[%clk 0:07:50]} 36. Qa1 {[%clk 0:01:50]} Nd1+
{[%clk 0:08:04]} 0-1

[Event "escc2023_50"]
[Site "?"]
[Date "2023.06.03"]
[Round "9.11"]
[White "Lasinskas, Povilas"]
[Black "Melikhov, Evgeny V."]
[Result "0-1"]
[BlackElo "2269"]
[WhiteElo "2131"]
[LiveChessVersion "1.4.8"]

1. d4 {[%clk 1:30:55]} Nf6 {[%clk 1:30:46]} 2. c4 {[%clk 1:31:10]} e6
{[%clk 1:30:40]} 3. Nc3 {[%clk 1:31:32]} Bb4 {[%clk 1:30:42]} 4. Nf3
{[%clk 1:31:54]} d5 {[%clk 1:29:55]} 5. Qa4+ {[%clk 1:32:17]} Nc6
{[%clk 1:29:58]} 6. Bg5 {[%clk 1:32:42]} h6 {[%clk 1:29:25]} 7. Bxf6
{[%clk 1:33:03]} Qxf6 {[%clk 1:29:48]} 8. e3 {[%clk 1:33:29]} O-O
{[%clk 1:22:00]} 9. Be2 {[%clk 1:33:35]} dxc4 {[%clk 1:18:52]} 10. Bxc4
{[%clk 1:33:58]} e5 {[%clk 1:11:55]} 11. O-O {[%clk 1:34:17]} Bxc3
{[%clk 1:06:17]} 12. bxc3 {[%clk 1:34:39]} Bg4 {[%clk 1:05:48]} 13. Bd5
{[%clk 1:32:01]} Bxf3 {[%clk 1:03:00]} 14. Bxf3 {[%clk 1:32:23]} Rfe8
{[%clk 1:01:41]} 15. Rab1 {[%clk 1:28:19]} e4 {[%clk 0:49:56]} 16. Be2
{[%clk 1:28:42]} Rab8 {[%clk 0:45:32]} 17. Bb5 {[%clk 1:21:16]} a6
{[%clk 0:44:47]} 18. Bxc6 {[%clk 1:21:37]} Qxc6 {[%clk 0:45:11]} 19. Qxc6
{[%clk 1:22:02]} bxc6 {[%clk 0:45:34]} 20. c4 {[%clk 1:19:11]} f5
{[%clk 0:43:41]} 21. g3 {[%clk 1:19:22]} Kf7 {[%clk 0:43:35]} 22. Rfc1
{[%clk 1:19:30]} Ke6 {[%clk 0:41:45]} 23. c5 {[%clk 1:18:15]} Kd5
{[%clk 0:39:08]} 24. Rb3 {[%clk 1:18:31]} Rb5 {[%clk 0:37:50]} 25. Ra3
{[%clk 1:14:20]} a5 {[%clk 0:37:47]} 26. h4 {[%clk 1:14:24]} g6 {[%clk 0:28:01]}
27. Kf1 {[%clk 1:13:25]} Ra8 {[%clk 0:28:10]} 28. Rc2 {[%clk 1:11:22]} a4
{[%clk 0:28:11]} 29. Ke2 {[%clk 1:11:36]} Rb4 {[%clk 0:28:14]} 30. Kd2
{[%clk 1:11:49]} Rab8 {[%clk 0:24:52]} 31. Rac3 {[%clk 1:12:02]} Rb1
{[%clk 0:22:16]} 32. Rc4 {[%clk 1:09:07]} Rf1 {[%clk 0:20:34]} 33. Kc3
{[%clk 1:09:28]} Rd1 {[%clk 0:19:37]} 0-1